Tres cerditos: uso, significado y metáfora
Αποθηκεύτηκε σε:
| Κύριος συγγραφέας: | |
|---|---|
| Άλλοι συγγραφείς: | |
| Μορφή: | Βιβλίο |
| Γλώσσα: | Ισπανικά |
| Έκδοση: |
Oviedo
Universidad de Oviedo
2004
|
| Σειρά: | Humanidades
|
| Θέματα: | |
| Ετικέτες: |
Προσθήκη ετικέτας
Δεν υπάρχουν, Καταχωρήστε ετικέτα πρώτοι!
|
MARC
| LEADER | 00000nam a2200000 a 4500 | ||
|---|---|---|---|
| 001 | UCK5651 | ||
| 003 | CL-VaPUC | ||
| 008 | 050805e20040000SP |||||||||||||||||spa|d | ||
| 020 | |a 848317443X | ||
| 082 | 0 | 4 | |a 410 |b NUÑ |2 21 |
| 100 | |a Núñez Ramos, Rafael |e autor |9 494539 | ||
| 700 | |a Lorenzo González, Guillermo |e autor |9 497495 | ||
| 245 | 1 | 0 | |a Tres cerditos: uso, significado y metáfora |
| 300 | |a 105 p | ||
| 942 | |c BK | ||
| 945 | |d 20050805 00:00:00 |a jcarroza | ||
| 260 | |a Oviedo |b Universidad de Oviedo |c 2004 | ||
| 650 | 7 | |a METAFORA |2 CL-VaPUC |9 331834 | |
| 650 | 0 | |a Lingüística |9 265068 | |
| 650 | 7 | |a TEORIA LINGUISTICA |2 CL-VaPUC |9 334835 | |
| 583 | |a last modification |c 20050805 00:00:00 |k Rodrigo Vera | ||
| 490 | 0 | |a Humanidades | |
| 999 | |c 314147 |d 314145 | ||
| 952 | |0 0 |1 0 |4 0 |6 410_000000000000000_NUÑ_2004 |7 0 |8 A |9 386100 |a FDOPOS |b FDOPOS |d 2019-11-22 |i 4152107 |o 410 NUÑ 2004 |p 4152107 |r 2025-01-22 |w 2019-11-22 |y BK |k MLA | ||